000 00300nam a2200121Ia 4500
008 241015s9999 xx 000 0 und d
041 _aeng
082 _a338.5 BEN
100 _aLuis Bender
245 _aEssentials Of Microeconomics
260 _bWillford Press
_aUSA
_c2020
300 _a229;. P. 24 cm
999 _c41609
_d41609